000
00339nam a2200145Ia 4500
005
20251222143202.0
008
251222s9999||||xx |||||||||||||| ||spa||
020
_a
84-8088-722-2
082
_a
658.404/D95
100
_a
Drudis, Antonio
245
0
_a
Gestión de Proyectos:
250
_a
3a.ed.
264
_b
Gestión 2000
942
_c
LIB
999
_c
13107
_d
13107